[Event "Northumbrian Masters 1st"]
[Site "Newcastle"]
[Date "1996.08.28"]
[Round "1"]
[White "Ledger, Dave J"]
[Black "Williams, Simon Kim"]
[Result "0-1"]
[WhiteElo "2235"]
[BlackElo "2350"]
[PlyCount "44"]
[EventDate "1996.08.28"]
[EventType "swiss"]
[EventRounds "9"]
[EventCountry "ENG"]
[SourceVersionDate "2020.09.25"]

1. d4 e6 2. c4 f5 3. g3 Nf6 4. Bg2 Be7 5. Nf3 d6 6. O-O O-O 7. Nc3 a5 8. Qc2
Nc6 9. e4 e5 10. dxe5 dxe5 11. Rd1 Qe8 12. Nb5 Qh5 13. h3 fxe4 14. Ng5 Nb4 15.
Qa4 h6 16. Nxe4 Nxe4 17. Bxe4 Bc5 18. Be3 Bxe3 19. fxe3 Qxh3 20. Bg2 Qxg3 21.
Kh1 Rf2 22. Nxc7 Qxg2# 0-1

[Event "Northumbrian Masters 1st"]
[Site "Newcastle"]
[Date "1996.08.28"]
[Round "1"]
[White "Pedersen, Steffen"]
[Black "Gormally, Daniel"]
[Result "1/2-1/2"]
[WhiteElo "2415"]
[BlackElo "2300"]
[PlyCount "59"]
[EventDate "1996.08.28"]
[EventType "swiss"]
[EventRounds "9"]
[EventCountry "ENG"]
[SourceVersionDate "2020.09.25"]

1. d4 Nf6 2. c4 g6 3. Nc3 d5 4. Nf3 Bg7 5. Qb3 dxc4 6. Qxc4 O-O 7. e4 Na6 8.
Be2 c5 9. d5 e6 10. O-O exd5 11. exd5 Bf5 12. Rd1 Nd7 13. Bg5 Ne5 14. Qf4 Qd6
15. Nb5 Nxf3+ 16. Qxf3 Qe5 17. Rd2 Nb4 18. Bf4 Qf6 19. Nd6 h5 20. Nxf5 Qxf5 21.
Be3 Qxf3 22. Bxf3 c4 23. Bc5 c3 24. Bxf8 Rxf8 25. bxc3 Bxc3 26. Rad1 Bxd2 27.
Rxd2 b6 28. h3 Rd8 29. d6 Na6 30. Re2 1/2-1/2

[Event "Northumbrian Masters 1st"]
[Site "Newcastle"]
[Date "1996.08.28"]
[Round "1"]
[White "Shah, Arpi"]
[Black "Mah, Karl"]
[Result "0-1"]
[WhiteElo "2035"]
[BlackElo "2245"]
[PlyCount "80"]
[EventDate "1996.08.28"]
[EventType "swiss"]
[EventRounds "9"]
[EventCountry "ENG"]
[SourceVersionDate "2020.09.25"]

1. e4 c5 2. Nc3 Nc6 3. g3 g6 4. Bg2 Bg7 5. d3 d6 6. Be3 Rb8 7. Qd2 b5 8. Nge2
Nd4 9. O-O e6 10. Nc1 b4 11. Nd1 Qb6 12. c3 bxc3 13. bxc3 Nc6 14. Ne2 Ba6 15.
f4 Nge7 16. Rc1 O-O 17. g4 f5 18. gxf5 exf5 19. Ng3 fxe4 20. Nxe4 Nf5 21. Ng5
Nd8 22. Bf2 Bb7 23. Ne4 Ne6 24. Ne3 d5 25. Rb1 Qc7 26. Rxb7 Rxb7 27. Nxd5 Qa5
28. Ndf6+ Kh8 29. Ng5 Nxg5 30. Bxb7 Nh3+ 31. Kg2 Nxf2 32. Nd7 Ng4 33. Nxf8
Nge3+ 34. Kg1 Nxf1 35. Kxf1 Bxf8 36. Qe1 Qc7 37. Qe4 Qe7 38. Qc6 Nd6 39. Ba6
Qe3 40. Qa8 Qxf4+ 0-1

[Event "Northumbrian Masters 1st"]
[Site "Newcastle"]
[Date "1996.08.28"]
[Round "1"]
[White "Pliester, Leon"]
[Black "Whiteley, Andrew Jonathan"]
[Result "1/2-1/2"]
[WhiteElo "2350"]
[BlackElo "2255"]
[PlyCount "84"]
[EventDate "1996.08.28"]
[EventType "swiss"]
[EventRounds "9"]
[EventCountry "ENG"]
[SourceVersionDate "2020.09.25"]

1. d4 d5 2. c4 c6 3. Nf3 Nf6 4. Nc3 e6 5. Bg5 h6 6. Bxf6 Qxf6 7. e3 g6 8. Bd3
Bg7 9. O-O O-O 10. Qc2 dxc4 11. Bxc4 Nd7 12. Rac1 b6 13. Rfd1 Bb7 14. e4 Rad8
15. Qa4 a6 16. Be2 e5 17. d5 Nc5 18. Qc4 a5 19. b4 cxd5 20. Nxd5 Bxd5 21. Rxd5
Rxd5 22. exd5 axb4 23. Qxb4 Ra8 24. Qd2 e4 25. Ne1 Qd4 26. Qxd4 Bxd4 27. Nc2
Be5 28. Bc4 Ra7 29. Ne3 Rb7 30. g3 Kf8 31. Kf1 Bd6 32. h4 Ke7 33. h5 gxh5 34.
Nf5+ Kd7 35. Nxh6 f6 36. Nf5 Nd3 37. Bxd3 exd3 38. Rd1 Ra7 39. Nxd6 Kxd6 40.
Rxd3 Rxa2 41. Rf3 Ke5 42. Rb3 Rd2 1/2-1/2

[Event "Northumbrian Masters 1st"]
[Site "Newcastle"]
[Date "1996.08.28"]
[Round "2"]
[White "Rizouk, Ryad"]
[Black "Ray, Chris"]
[Result "1-0"]
[WhiteElo "2385"]
[BlackElo "2200"]
[PlyCount "55"]
[EventDate "1996.08.28"]
[EventType "swiss"]
[EventRounds "9"]
[EventCountry "ENG"]
[SourceVersionDate "2020.09.25"]

1. e4 c5 2. Nf3 Nc6 3. c3 e6 4. d4 d5 5. exd5 exd5 6. Bb5 Bd6 7. dxc5 Bxc5 8.
O-O Nge7 9. Nbd2 O-O 10. Nb3 Bd6 11. Nbd4 a6 12. Bd3 Qc7 13. h3 Bd7 14. Re1 Na5
15. Ng5 g6 16. Ngf3 Nec6 17. Bh6 Rfe8 18. Qd2 Nc4 19. Bxc4 dxc4 20. Nxc6 Bxc6
21. Qd4 Rxe1+ 22. Rxe1 Bf8 23. Bxf8 Rxf8 24. Nh2 Re8 25. Rxe8+ Bxe8 26. Ng4 h5
27. Nf6+ Kf8 28. Nd5 1-0

[Event "Northumbrian Masters 1st"]
[Site "Newcastle"]
[Date "1996.08.28"]
[Round "2"]
[White "Dunworth, Christopher"]
[Black "Rowson, Jonathan"]
[Result "1/2-1/2"]
[WhiteElo "2335"]
[BlackElo "2425"]
[PlyCount "48"]
[EventDate "1996.08.28"]
[EventType "swiss"]
[EventRounds "9"]
[EventCountry "ENG"]
[SourceVersionDate "2020.09.25"]

1. d4 d6 2. e4 Nf6 3. Nc3 e5 4. Nf3 Nbd7 5. Bc4 Be7 6. O-O O-O 7. a4 c6 8. a5
Qc7 9. Re1 Rb8 10. Bg5 b5 11. axb6 axb6 12. d5 b5 13. dxc6 bxc4 14. cxd7 Qxd7
15. Bxf6 Bxf6 16. Ra2 Bd8 17. Qd5 Qc7 18. Rd1 Rb6 19. Qd2 Qb7 20. Nxe5 dxe5 21.
Qxd8 Bg4 22. f3 Rxb2 23. Qa5 Rxa2 24. Nxa2 Be6 1/2-1/2

[Event "Northumbrian Masters 1st"]
[Site "Newcastle"]
[Date "1996.08.28"]
[Round "2"]
[White "Williams, Simon Kim"]
[Black "Naylor, John"]
[Result "0-1"]
[WhiteElo "2350"]
[BlackElo "2265"]
[PlyCount "116"]
[EventDate "1996.08.28"]
[EventType "swiss"]
[EventRounds "9"]
[EventCountry "ENG"]
[SourceVersionDate "2020.09.25"]

1. c4 g6 2. Nc3 Bg7 3. d4 Nf6 4. e4 d6 5. f3 O-O 6. Bg5 c5 7. d5 e6 8. Qd2 exd5
9. cxd5 h6 10. Bxh6 Nxe4 11. Nxe4 Qh4+ 12. g3 Qxh6 13. Qxh6 Bxh6 14. Nxd6 Nd7
15. f4 Nb6 16. O-O-O Rd8 17. Nxc8 Raxc8 18. Bh3 f5 19. Nf3 Nxd5 20. Rhe1 c4 21.
Re6 Bxf4+ 22. gxf4 Nxf4 23. Rxg6+ Nxg6 24. Rg1 Kf7 25. Bxf5 Nf4 26. Rf1 Nd3+
27. Kb1 Rc5 28. Be4 Ke7 29. Nh4 Rb5 30. Ng6+ Ke6 31. Rd1 Rxb2+ 32. Ka1 Rxh2 33.
Bxd3 cxd3 34. Nf4+ Ke7 35. Nxd3 Rdh8 36. Re1+ Kd6 37. Re4 Rg2 38. Rd4+ Kc7 39.
Rc4+ Kb8 40. Nc1 Rh1 41. Kb1 b6 42. Rc3 Kb7 43. Rc4 a6 44. Rc3 Rd2 45. Rg3 b5
46. Rg7+ Kb6 47. Rg6+ Ka5 48. Rc6 b4 49. Rc5+ Kb6 50. Rc8 a5 51. Rc4 Kb5 52.
Rc8 Ka4 53. Rc5 Rdd1 54. Kb2 Rxc1 55. Rxc1 Rxc1 56. Kxc1 Ka3 57. Kb1 a4 58. Ka1
b3 0-1

[Event "Northumbrian Masters 1st"]
[Site "Newcastle"]
[Date "1996.08.28"]
[Round "2"]
[White "Shaw, John Kerr"]
[Black "Dearing, Eddie"]
[Result "1-0"]
[WhiteElo "2335"]
[BlackElo "2185"]
[PlyCount "49"]
[EventDate "1996.08.28"]
[EventType "swiss"]
[EventRounds "9"]
[EventCountry "ENG"]
[SourceVersionDate "2020.09.25"]

1. e4 c5 2. Nc3 Nc6 3. g3 g6 4. Bg2 Bg7 5. d3 d6 6. Be3 e6 7. Qd2 Nge7 8. Bh6
O-O 9. Bxg7 Kxg7 10. f4 b6 11. Nf3 Nd4 12. Nxd4 cxd4 13. Nb5 e5 14. Qb4 Qd7 15.
Qxd6 Qxb5 16. Qxe7 Re8 17. Qa3 Bb7 18. O-O Rac8 19. Rac1 exf4 20. Rxf4 Rc7 21.
c4 dxc3 22. Rxc3 Rec8 23. Qd6 Rc6 24. Qe7 R8c7 25. Rxf7+ 1-0

[Event "Northumbrian Masters 1st"]
[Site "Newcastle"]
[Date "1996.08.28"]
[Round "2"]
[White "Ansell, Simon"]
[Black "Cobb, James"]
[Result "1/2-1/2"]
[WhiteElo "2420"]
[BlackElo "2260"]
[PlyCount "111"]
[EventDate "1996.08.28"]
[EventType "swiss"]
[EventRounds "9"]
[EventCountry "ENG"]
[SourceVersionDate "2020.09.25"]

1. e4 d5 2. exd5 Nf6 3. Nc3 Nxd5 4. Bc4 Nb6 5. Bb3 Nc6 6. Qf3 e6 7. Nge2 Be7 8.
d3 O-O 9. h4 Na5 10. Bg5 Bd7 11. Qg3 Bc6 12. Bxe7 Qxe7 13. Nd4 Bd5 14. O-O Nxb3
15. axb3 a6 16. Rfe1 Qf6 17. Nxd5 Nxd5 18. c3 Rad8 19. Re4 c5 20. Nf3 Qh6 21.
Qg5 Qf6 22. d4 cxd4 23. Rxd4 h6 24. Qxf6 Nxf6 25. Rad1 Rxd4 26. Rxd4 Rc8 27.
Ne5 g6 28. b4 Nd5 29. Nd3 Rc7 30. c4 Ne7 31. Ne5 f6 32. Rd7 Rxd7 33. Nxd7 Kf7
34. Nc5 b5 35. b3 Nc6 36. Nxa6 Nd4 37. Nc5 Ke7 38. f3 Kd6 39. Kf2 Nc2 40. Nd3
Nd4 41. Nc5 f5 42. f4 e5 43. Nd3 exf4 44. c5+ Ke7 45. Nxf4 g5 46. hxg5 hxg5 47.
Ne2 Nc2 48. Nc3 Nxb4 49. Ke2 Na6 50. Nxb5 Nxc5 51. Nd4 Kf6 52. b4 Nd7 53. b5
Ke5 54. Nf3+ Kf4 55. g3+ Kxg3 56. Nxg5 1/2-1/2

[Event "Northumbrian Masters 1st"]
[Site "Newcastle"]
[Date "1996.08.28"]
[Round "2"]
[White "Mah, Karl"]
[Black "Pedersen, Steffen"]
[Result "1/2-1/2"]
[WhiteElo "2245"]
[BlackElo "2415"]
[PlyCount "124"]
[EventDate "1996.08.28"]
[EventType "swiss"]
[EventRounds "9"]
[EventCountry "ENG"]
[SourceVersionDate "2020.09.25"]

1. d4 f5 2. Bg5 g6 3. Nd2 Bg7 4. e4 fxe4 5. Nxe4 d5 6. Nc5 b6 7. Nb3 Nf6 8. f3
Qd6 9. Qd2 e5 10. O-O-O O-O 11. Bxf6 Qxf6 12. dxe5 Qxe5 13. Qxd5+ Qxd5 14. Rxd5
Be6 15. Rd1 Nc6 16. Re1 Bf7 17. Nh3 a5 18. Kb1 a4 19. Nc1 a3 20. b3 Bc3 21. Rd1
Rad8 22. Bd3 Bf6 23. Nf2 Nb4 24. Ne4 Bb2 25. Be2 Nd5 26. Bc4 Ne3 27. Bxf7+ Kxf7
28. Rxd8 Rxd8 29. g3 h6 30. Nd3 Bg7 31. Re1 Nf5 32. Rd1 Kg8 33. Ndf2 Rxd1+ 34.
Nxd1 Nd4 35. Nd2 b5 36. c3 Nc6 37. b4 g5 38. Kc2 Be5 39. Kb3 Kf7 40. Kxa3 h5
41. Ne4 Kg6 42. Kb3 Ne7 43. Ne3 c6 44. c4 Bd4 45. Nf1 Nf5 46. cxb5 cxb5 47. a4
bxa4+ 48. Kxa4 Ne7 49. Kb5 Bg1 50. Ka6 Nd5 51. b5 Kf5 52. Nd6+ Ke5 53. Ne8 h4
54. Kb7 hxg3 55. hxg3 Bf2 56. Nc7 Nc3 57. Kc6 Nxb5 58. Kxb5 Bxg3 59. Nd5 Kxd5
60. Nxg3 Ke5 61. Ne2 g4 62. fxg4 Kf6 1/2-1/2

[Event "Northumbrian Masters 1st"]
[Site "Newcastle"]
[Date "1996.08.29"]
[Round "3"]
[White "Wall, Gavin"]
[Black "Bisby, Daniel L"]
[Result "1-0"]
[WhiteElo "2305"]
[BlackElo "2205"]
[PlyCount "69"]
[EventDate "1996.08.28"]
[EventType "swiss"]
[EventRounds "9"]
[EventCountry "ENG"]
[SourceVersionDate "2020.09.25"]

1. e4 d6 2. d4 Nf6 3. Nc3 g6 4. h4 Bg7 5. Be2 h5 6. Bg5 Nc6 7. Qd2 O-O 8. O-O-O
a6 9. Bf3 e5 10. Nge2 exd4 11. Nd5 Be6 12. Nxd4 Nxd4 13. Qxd4 Nxd5 14. Bxd8
Bxd4 15. exd5 Bf5 16. Rxd4 Raxd8 17. Rc4 Rd7 18. Re1 Rc8 19. Rf4 c6 20. dxc6
bxc6 21. Bxh5 Bxc2 22. Bg4 f5 23. Bh3 Bd3 24. Kd2 Rb8 25. Kxd3 Rxb2 26. Re2
Rdb7 27. Ra4 R2b5 28. g3 R7b6 29. Bg2 Kf7 30. Rc4 d5 31. Rc1 Ra5 32. Rec2 Ra3+
33. Kd4 Ra4+ 34. Kc5 Rab4 35. Kd6 1-0

[Event "Northumbrian Masters 1st"]
[Site "Newcastle"]
[Date "1996.08.29"]
[Round "3"]
[White "Houska, Miroslav"]
[Black "Campbell, Eoin S"]
[Result "1-0"]
[WhiteElo "2265"]
[BlackElo "2040"]
[PlyCount "37"]
[EventDate "1996.08.28"]
[EventType "swiss"]
[EventRounds "9"]
[EventCountry "ENG"]
[SourceVersionDate "2020.09.25"]

1. d4 d6 2. Nf3 Bg4 3. Bg5 Bxf3 4. gxf3 Nd7 5. e3 Ngf6 6. Nd2 g6 7. f4 Bg7 8.
c3 O-O 9. Qf3 Rb8 10. f5 b5 11. h4 c5 12. Bd3 cxd4 13. cxd4 Qa5 14. h5 Nb6 15.
Bxf6 Bxf6 16. hxg6 fxg6 17. fxg6 Nc4 18. Qd5+ e6 19. Qxe6+ 1-0

[Event "Northumbrian Masters 1st"]
[Site "Newcastle"]
[Date "1996.08.29"]
[Round "3"]
[White "Storey, Charles H"]
[Black "Rizouk, Ryad"]
[Result "0-1"]
[WhiteElo "2215"]
[BlackElo "2385"]
[PlyCount "80"]
[EventDate "1996.08.28"]
[EventType "swiss"]
[EventRounds "9"]
[EventCountry "ENG"]
[SourceVersionDate "2020.09.25"]

1. e4 e5 2. Nf3 Nc6 3. Bb5 Nd4 4. Bc4 c6 5. Nxd4 exd4 6. O-O Nf6 7. e5 d5 8.
exd6 Bxd6 9. Re1+ Be7 10. Qe2 b5 11. Bb3 a5 12. a4 Ra7 13. axb5 O-O 14. bxc6
Bd6 15. d3 Re7 16. Qf1 Rxe1 17. Qxe1 Re8 18. Qf1 Ng4 19. g3 Nxh2 20. Kxh2 Qh4+
21. Kg2 Bh3+ 22. Kg1 Qg4 23. Nd2 Bxf1 24. Nxf1 Re1 25. Bd5 Qe2 26. Bg2 Qxc2 27.
Bf4 Rxa1 28. Bxd6 Rxf1+ 29. Bxf1 Qxc6 30. Ba3 h5 31. Be2 g6 32. Bf1 Kg7 33. Bg2
Qc1+ 34. Bf1 Kf6 35. Kg2 Ke5 36. Be2 Qd2 37. Kf1 Qc1+ 38. Kg2 Qe1 39. f4+ Kf5
40. Kf3 Qg1 0-1

[Event "Northumbrian Masters 1st"]
[Site "Newcastle"]
[Date "1996.08.29"]
[Round "3"]
[White "Bryson, Douglas Marshall"]
[Black "Whiteley, Andrew Jonathan"]
[Result "1-0"]
[WhiteElo "2380"]
[BlackElo "2255"]
[PlyCount "61"]
[EventDate "1996.08.28"]
[EventType "swiss"]
[EventRounds "9"]
[EventCountry "ENG"]
[SourceVersionDate "2020.09.25"]

1. e4 e6 2. d4 d5 3. Nc3 Bb4 4. e5 c5 5. a3 Bxc3+ 6. bxc3 Qc7 7. Nf3 Ne7 8. a4
b6 9. Bb5+ Bd7 10. Bd3 Nbc6 11. O-O h6 12. Re1 O-O 13. Ba3 Na5 14. Nd2 Bxa4 15.
dxc5 bxc5 16. Qg4 Bd7 17. Nf3 f5 18. exf6 Rxf6 19. Ne5 Nb7 20. c4 Nf5 21. cxd5
Bc8 22. Ng6 e5 23. Nxe5 Nbd6 24. Qa4 a5 25. c4 Nd4 26. Bb2 Bf5 27. Bxd4 cxd4
28. Bxf5 Rxf5 29. Qc6 Qxc6 30. Nxc6 Kf7 31. Rxa5 1-0

[Event "Northumbrian Masters 1st"]
[Site "Newcastle"]
[Date "1996.08.29"]
[Round "3"]
[White "Pedersen, Steffen"]
[Black "King, Jonathan"]
[Result "1-0"]
[WhiteElo "2415"]
[BlackElo "2115"]
[PlyCount "79"]
[EventDate "1996.08.28"]
[EventType "swiss"]
[EventRounds "9"]
[EventCountry "ENG"]
[SourceVersionDate "2020.09.25"]

1. d4 e6 2. Nf3 Nf6 3. c4 d5 4. Nc3 c5 5. e3 Nc6 6. a3 Ne4 7. Bd3 Nxc3 8. bxc3
Be7 9. O-O O-O 10. Qc2 h6 11. Rd1 Qa5 12. Rb1 a6 13. e4 cxd4 14. cxd4 e5 15.
exd5 Nxd4 16. Nxd4 exd4 17. Qe2 Bc5 18. Bb2 b5 19. cxb5 axb5 20. Bxb5 Ba6 21.
Bxa6 Rxa6 22. Bxd4 Bxd4 23. Rxd4 Qxa3 24. Rbd1 Qd6 25. g3 Ra7 26. Rc4 Ra6 27.
Rg4 Rb6 28. Qe3 Rd8 29. Re4 Rbb8 30. Kg2 Ra8 31. h4 Rab8 32. Re7 Qf6 33. Rd4
Rb1 34. Rf4 Qa1 35. Re8+ Rxe8 36. Qxe8+ Kh7 37. Qe4+ Kg8 38. d6 Rg1+ 39. Kh2
Re1 40. d7 1-0

[Event "Northumbrian Masters 1st"]
[Site "Newcastle"]
[Date "1996.08.29"]
[Round "3"]
[White "Ray, Chris"]
[Black "Buckley, Graeme"]
[Result "0-1"]
[WhiteElo "2200"]
[BlackElo "2370"]
[PlyCount "90"]
[EventDate "1996.08.28"]
[EventType "swiss"]
[EventRounds "9"]
[EventCountry "ENG"]
[SourceVersionDate "2020.09.25"]

1. e4 c5 2. c3 d6 3. d4 Nf6 4. f3 cxd4 5. cxd4 e5 6. dxe5 dxe5 7. Qxd8+ Kxd8 8.
Bc4 Be6 9. Bxe6 fxe6 10. Be3 Bb4+ 11. Nd2 Bxd2+ 12. Bxd2 Nc6 13. O-O-O Ke7 14.
Ne2 Rhc8 15. Kb1 Rc7 16. Nc1 Rd8 17. Bc3 Rcd7 18. Rxd7+ Rxd7 19. Nb3 b6 20. Kc1
g5 21. Rd1 Rc7 22. g4 b5 23. a3 a5 24. Kb1 a4 25. Nc1 Nd7 26. h4 Nd4 27. Bxd4
exd4 28. hxg5 Ne5 29. f4 Nxg4 30. Rxd4 e5 31. fxe5 Nf2 32. Ne2 Nh3 33. Nc3 Rb7
34. Rb4 Nxg5 35. Kc2 h5 36. Kd3 h4 37. Ke3 h3 38. Kf2 Ke6 39. Rxb5 Nxe4+ 40.
Kg1 Rg7+ 41. Kh2 Nf2 42. Rb6+ Kxe5 43. Rb5+ Kd6 44. Ne4+ Nxe4 45. Kxh3 Nc5 0-1

[Event "Northumbrian Masters 1st"]
[Site "Newcastle"]
[Date "1996.08.29"]
[Round "3"]
[White "Pliester, Leon"]
[Black "Mah, Karl"]
[Result "1-0"]
[WhiteElo "2350"]
[BlackElo "2245"]
[PlyCount "89"]
[EventDate "1996.08.28"]
[EventType "swiss"]
[EventRounds "9"]
[EventCountry "ENG"]
[SourceVersionDate "2020.09.25"]

1. d4 Nf6 2. g3 d6 3. Bg2 Nbd7 4. Nf3 g6 5. O-O Bg7 6. c4 O-O 7. Qc2 e5 8. dxe5
dxe5 9. Rd1 Re8 10. e4 c6 11. h3 Qc7 12. Be3 b6 13. a3 Nc5 14. Nc3 Ba6 15. b4
Ne6 16. Qb3 Red8 17. Rac1 Bb7 18. c5 bxc5 19. bxc5 Nd7 20. Qc4 Ndf8 21. Na4
Rxd1+ 22. Rxd1 Rd8 23. Rxd8 Qxd8 24. Nb2 Nd7 25. Bf1 Bf8 26. Na4 Qe7 27. Qb4
Bc8 28. Qb2 f6 29. Bc4 Kg7 30. Bxe6 Qxe6 31. g4 Qc4 32. Qb4 Ba6 33. Nd2 Qc1+
34. Kg2 Bb5 35. Qa5 Kf7 36. Qxa7 Ke6 37. Nb6 Nxb6 38. cxb6 Bc5 39. Bxc5 Qxc5
40. Qc7 Qd6 41. Qc8+ Ke7 42. b7 Ba6 43. Nc4 Qd4 44. Qc7+ Ke6 45. Qxc6+ 1-0

[Event "Northumbrian Masters 1st"]
[Site "Newcastle"]
[Date "1996.08.29"]
[Round "3"]
[White "Rowson, Jonathan"]
[Black "Gormally, Daniel"]
[Result "0-1"]
[WhiteElo "2425"]
[BlackElo "2300"]
[PlyCount "82"]
[EventDate "1996.08.28"]
[EventType "swiss"]
[EventRounds "9"]
[EventCountry "ENG"]
[SourceVersionDate "2020.09.25"]

1. e4 c5 2. Nf3 d6 3. d4 cxd4 4. Nxd4 Nf6 5. Nc3 a6 6. f4 Qc7 7. Qf3 g6 8. Be3
Bg7 9. h3 e5 10. fxe5 dxe5 11. Bh6 Bxh6 12. Qxf6 O-O 13. Nd5 Qa5+ 14. b4 Bg7
15. bxa5 Bxf6 16. Nxf6+ Kg7 17. Nxh7 Kxh7 18. Nb3 Be6 19. Nc5 Nc6 20. Nxe6 fxe6
21. Bc4 Rf4 22. O-O-O Rxe4 23. Rd7+ Kh6 24. Bxe6 Nd4 25. Bg4 Rf8 26. c3 Nb5 27.
Rd3 Ra4 28. Be6 Rxa5 29. Re1 Nc7 30. Bb3 Rc5 31. Kd2 b5 32. Re4 Rf2+ 33. Re2
Rf6 34. Ke1 a5 35. Re4 a4 36. Bd1 Nd5 37. Rh4+ Kg7 38. a3 Nxc3 39. Bf3 e4 40.
Bxe4 Re6 41. Re3 Rc4 0-1

[Event "Northumbrian Masters 1st"]
[Site "Newcastle"]
[Date "1996.08.29"]
[Round "3"]
[White "Clarke, Thomas M"]
[Black "Ansell, Simon"]
[Result "0-1"]
[WhiteElo "2230"]
[BlackElo "2420"]
[PlyCount "102"]
[EventDate "1996.08.28"]
[EventType "swiss"]
[EventRounds "9"]
[EventCountry "ENG"]
[SourceVersionDate "2020.09.25"]

1. d4 Nf6 2. Bg5 e6 3. e4 h6 4. Bxf6 Qxf6 5. Nc3 d6 6. Qd2 g5 7. h4 Bg7 8.
O-O-O g4 9. f4 Qe7 10. h5 O-O 11. Be2 Nc6 12. Qe3 d5 13. Bxg4 dxe4 14. d5 Nd8
15. Nge2 f5 16. Bh3 exd5 17. Nxd5 Qf7 18. Qc5 Nc6 19. g4 fxg4 20. Bg2 Bf5 21.
Ng3 Rae8 22. Kb1 Bh7 23. Rh4 Ne7 24. Rxg4 Nxd5 25. Qxd5 Qxd5 26. Rxd5 Rd8 27.
Rxd8 Rxd8 28. Kc1 e3 29. Be4 Bxe4 30. Nxe4 Kf7 31. Rg2 Rd4 32. Nc5 Rd5 33. Nxb7
Rxh5 34. c3 Bf6 35. a4 Ke6 36. Re2 Kd7 37. a5 Kc6 38. a6 Rh3 39. Kc2 Kb6 40.
Kd3 Be7 41. b4 Kxa6 42. Nc5+ Bxc5 43. bxc5 Kb5 44. Kd4 Kc6 45. Ke5 Kd7 46. Kf6
Rg3 47. f5 Rf3 48. c6+ Kd6 49. c4 a5 50. c5+ Kd5 51. Re1 Ke4 0-1

[Event "Northumbrian Masters 1st"]
[Site "Newcastle"]
[Date "1996.08.29"]
[Round "4"]
[White "Williams, Simon Kim"]
[Black "Cobb, James"]
[Result "0-1"]
[WhiteElo "2350"]
[BlackElo "2260"]
[PlyCount "116"]
[EventDate "1996.08.28"]
[EventType "swiss"]
[EventRounds "9"]
[EventCountry "ENG"]
[SourceVersionDate "2020.09.25"]

1. f4 g6 2. Nf3 Bg7 3. e3 c5 4. Be2 Nf6 5. O-O O-O 6. d3 Nc6 7. Qe1 d6 8. e4 b5
9. f5 Nd4 10. Nxd4 cxd4 11. Qh4 Bd7 12. Bh6 Rc8 13. Bd1 e6 14. Bg5 exf5 15. Nd2
h6 16. Bxh6 Nxe4 17. Qxd8 Rfxd8 18. Nxe4 Bxh6 19. Nxd6 Rc7 20. a4 a6 21. axb5
axb5 22. Bf3 Rxc2 23. Ra7 Be6 24. Nxb5 Rxb2 25. Nc7 Rdb8 26. Nxe6 fxe6 27. Bc6
Be3+ 28. Kh1 Rb1 29. Ra1 Rxf1+ 30. Rxf1 Kf7 31. g4 Rb2 32. gxf5 gxf5 33. Bf3
Kf6 34. Rd1 Kg5 35. Bg2 Kh4 36. Bf1 Kg4 37. Bg2 Rc2 38. Rf1 Rd2 39. Bf3+ Kh3
40. Bg2+ Kh4 41. Bc6 Kg5 42. Bd7 Kf6 43. Bb5 e5 44. Rf3 Kg5 45. Bd7 Bf4 46. Rh3
Kg4 47. Rh8 Kf3 48. Ba4 Ra2 49. Bd1+ Kf2 50. Rg8 Ke3 51. Rg2 Rxg2 52. Kxg2 Kxd3
53. h4 e4 54. Ba4 Ke2 55. Bd7 d3 56. Bxf5 e3 57. h5 d2 58. Bg4+ Ke1 0-1

[Event "Northumbrian Masters 1st"]
[Site "Newcastle"]
[Date "1996.08.29"]
[Round "4"]
[White "King, Jonathan"]
[Black "Storey, Charles H"]
[Result "0-1"]
[WhiteElo "2115"]
[BlackElo "2215"]
[PlyCount "96"]
[EventDate "1996.08.28"]
[EventType "swiss"]
[EventRounds "9"]
[EventCountry "ENG"]
[SourceVersionDate "2020.09.25"]

1. e4 c5 2. Nc3 Nc6 3. g3 g6 4. Bg2 Bg7 5. d3 Rb8 6. Nf3 b5 7. a3 d6 8. O-O Nf6
9. h3 O-O 10. Be3 a5 11. Qd2 b4 12. axb4 axb4 13. Ne2 e5 14. Bh6 Ne8 15. Bxg7
Kxg7 16. Nh4 f6 17. c3 Qb6 18. d4 cxd4 19. cxd4 Ba6 20. d5 Bxe2 21. Qxe2 Nd4
22. Qa6 Nc7 23. Qxb6 Rxb6 24. Ra7 Rf7 25. Nf3 Ncb5 26. Rxf7+ Kxf7 27. Ra1 Nxf3+
28. Bxf3 f5 29. exf5 gxf5 30. Ra4 Nd4 31. Bh5+ Kf6 32. f4 Rb5 33. Ra7 Rxd5 34.
Rf7+ Ke6 35. Rxh7 Rc5 36. b3 Kd5 37. Rb7 Rc1+ 38. Kf2 Rc2+ 39. Kf1 Rc3 40. Kf2
Rxb3 41. Bf7+ Kc6 42. Bxb3 Kxb7 43. Bd5+ Kc7 44. h4 Kd8 45. h5 Ke7 46. fxe5
dxe5 47. g4 fxg4 48. Kg3 Nf5+ 0-1

[Event "Northumbrian Masters 1st"]
[Site "Newcastle"]
[Date "1996.08.29"]
[Round "4"]
[White "Gormally, Daniel"]
[Black "Bryson, Douglas Marshall"]
[Result "1-0"]
[WhiteElo "2300"]
[BlackElo "2380"]
[PlyCount "97"]
[EventDate "1996.08.28"]
[EventType "swiss"]
[EventRounds "9"]
[EventCountry "ENG"]
[SourceVersionDate "2020.09.25"]

1. d4 d5 2. c4 e6 3. Nc3 c6 4. Nf3 Nf6 5. Bg5 dxc4 6. e4 b5 7. e5 h6 8. Bh4 g5
9. Nxg5 hxg5 10. Bxg5 Nbd7 11. g3 Qa5 12. exf6 b4 13. Ne4 Ba6 14. Qf3 O-O-O 15.
Be2 Nb6 16. Nc5 Bb5 17. Be3 Bxc5 18. dxc5 Nd5 19. O-O c3 20. bxc3 Nxc3 21. Bxb5
Qxb5 22. Kg2 Rd5 23. Qg4 a5 24. h4 Qd3 25. Rh1 Qe4+ 26. Qxe4 Nxe4 27. Kf3 Nxf6
28. g4 Rd3 29. h5 Nd5 30. Ke4 Ra3 31. g5 Nxe3 32. fxe3 Rc3 33. g6 fxg6 34. hxg6
Rg8 35. Rag1 Rxc5 36. g7 Rd5 37. Rh8 Rdd8 38. Rxg8 Rxg8 39. Ke5 Kd7 40. Kf6 c5
41. Kf7 Rxg7+ 42. Kxg7 a4 43. Kf6 Kd6 44. Rd1+ Kc6 45. Ke5 Kb5 46. Ke4 c4 47.
Rg1 b3 48. a3 e5 49. Kxe5 1-0

[Event "Northumbrian Masters 1st"]
[Site "Newcastle"]
[Date "1996.08.29"]
[Round "4"]
[White "Rizouk, Ryad"]
[Black "Houska, Miroslav"]
[Result "1-0"]
[WhiteElo "2385"]
[BlackElo "2265"]
[PlyCount "87"]
[EventDate "1996.08.28"]
[EventType "swiss"]
[EventRounds "9"]
[EventCountry "ENG"]
[SourceVersionDate "2020.09.25"]

1. e4 d6 2. d4 Nf6 3. Nc3 c6 4. Bg5 Nbd7 5. f4 Qa5 6. Qd2 b5 7. Bd3 e5 8. Nf3
h6 9. Bh4 b4 10. Ne2 exf4 11. Bxf6 Nxf6 12. Nxf4 d5 13. exd5 Nxd5 14. Qe2+ Be7
15. Qe5 Kf8 16. O-O Qd8 17. Nh5 Nf6 18. Nxf6 Bxf6 19. Qf4 Be6 20. Ne5 Rc8 21.
Rae1 Kg8 22. Kh1 h5 23. Be4 Qd6 24. Bf5 Bxf5 25. Qxf5 Rd8 26. c3 bxc3 27. bxc3
Rh6 28. Qf3 c5 29. Qb7 Rf8 30. Nd7 Rd8 31. Nxc5 Rg6 32. Ne4 Qa3 33. Nxf6+ gxf6
34. Qe7 Qa5 35. Rxf6 Rg7 36. Rh6 Rf8 37. Qe3 Qxa2 38. Rg1 Qa5 39. Qh3 Rg5 40.
c4 Kg7 41. Rc6 Qd2 42. d5 a5 43. Qa3 Kh7 44. Qxf8 1-0